Cornell Brasil Projet : and experiment in learning.

Salvato in:
Dettagli Bibliografici
Autore principale: Rogers, William W. (autor)
Natura: Libro
Lingua:inglese
Serie:(CIDOC, Cuadernos; 23).
Soggetti:
Tags: Aggiungi Tag
Nessun Tag, puoi essere il primo ad aggiungerne!!

MARC

LEADER 00000nam^a2200000^u^4500
001 000511953
005 20250521000000.0
008 100409s1000^^^^^^^^^^^^r^^^^^000^0^spa^d
009 20260310130159.437
035 |a FCE 000056163 
037 |a Acervo ITESO - Biblioteca 
041 |a eng 
082 0 4 |a 082.1  |b CIDOC 23 
100 |a Rogers, William W.  |e (autor) 
245 1 0 |a Cornell Brasil Projet :  |b and experiment in learning. 
264 |a México :  |b CIDOC,  |c 1967. 
300 |a [pág varía]. 
336 |a texto  |b txt  |2 rdacontenido 
337 |a sin mediación  |b n  |2 rdamedio 
338 |a volumen  |b nc  |2 rdasoporte 
440 0 |a (CIDOC, Cuadernos;  |v 23). 
649 |a XX 
650 |a Práctica educativa 
650 |a Proyecto educativo 
650 |a Aprendizaje 
650 |a Brasil 
910 |a Fondo Centro de Estudios Educativos 
920 |a Impresos - Libros 
930 |a Fondos Especiales 
905 |a 133 
901 |a ALE048125  |b IT2  |c CEE  |u 20250521 
902 |a https://opac.biblio.iteso.mx/vufind/Record/000511953